01132 a2200229 4500003000500000005001700005020002500022040000900047082001900056245010500075260005200180300003200232440004400264505041300308650003300721650002100754650002300775650003500798700002100833700002800854700002000882NUST20221224155543.0 a0-12-140310-6 (inb.) cNust a621.384521,INS10aInsights into mobile multimedia communications /cedited by D.R. Bull, C.N. Canagarajah and A.R. Nix aSan Diego, Calif. :bAcademic Press,ccop. 1999 axxvi, 682 p.:bill. ;c26cm 0aSignal processing and its applications, aResearch Trends And Technical Developments (Page-1), Multimedia Services On Digital Cellular Networks (Page-11), Third Generation Mobile Multimedia Systems (Page-97), Source Coding (Page-191), Source Coding: Video And Multimedia (Page-285), Error Resilient Coding For Multimedia Applications (Page-395), Advanced Radio Techniques (Page-461), Wireless LAN Technology For Future Multimedia Services (Page-563). 7aMobile communication systems 7aMobile computing 7aMultimedia systems 7aWireless communication systems1 aBull, D. R.4oth1 aCanagarajah, C. N.4oth1 aNix, A. R.4oth